[Event "TCh-SVK Extraliga 2012-13"]
[Site "Slovakia SVK"]
[Date "2013.01.20"]
[Round "6.5"]
[White "Matejovic,J"]
[Black "Vlcek,S"]
[Result "0-1"]
[WhiteElo "2199"]
[BlackElo "2292"]

1.e4 c5 2.Nf3 e6 3.Nc3 a6 4.d4 cxd4 5.Nxd4 b5 6.Be2 Bb7 7.Bf3 Qc7 8.O-O d6
9.Re1 Nd7 10.a4 bxa4 11.Rxa4 Be7 12.Bh5 g6 13.Bg4 Ngf6 14.Bh6 Nxg4 15.Qxg4 Ne5
16.Qe2 Rc8 17.Bg7 Rg8 18.Bxe5 dxe5 19.Nb3 Qb6 20.Rea1 Bb4 21.Na2 Be7 22.Nc3 Kf8
23.R4a2 Bb4 24.Nd1 Rc7 25.c3 Be7 26.Na5 Bc8 27.Nc4 Qb5 28.Nde3 f6 29.Ra5 Qc6
30.Qf3 Kg7 31.h4 h5 32.b4 Bb7 33.R5a3 Rgc8 34.Nd2 Qd7 35.Rd1 Rd8 36.Ndc4 Qe8
37.Raa1 Rcd7 38.Rxd7 Qxd7 39.Na5 Ba8 40.Rd1 Qc7 41.Rxd8 Qxd8 42.Qe2 Qc8 43.Nec4 Qc7
44.Qd3 f5 45.exf5 exf5 46.Qe3 Bxh4 47.Nxe5 Bf6 48.f4 Be4 49.Nac4 h4 50.Qd4 Ba8
51.Nd6 Qe7 52.c4 Kh7 53.c5 Bc6 54.Qe3 Qe6 55.Ndc4 Ba4 56.Kh2 Bb5 57.Nd6 Bc6
58.Ndc4 Be4 59.Qd4 g5 60.fxg5 Bxg5 61.Qd7+ Qxd7 62.Nxd7 Kg7 63.Kh3 Kf7 64.Nde5+ Ke6
65.Ng6 Kd5 66.Nb6+ Kc6 67.Ne5+ Kb5 68.Nbd7 Bd2 69.Nb8 Bxb4 70.Kxh4 Bxg2 71.Kg5 Be4
72.c6 Bd6 73.Ned7 a5 74.Kf6 f4 75.Ke6 Bc7 76.Nf6 Bxc6 77.Nxc6 Kxc6 78.Kf5 f3
79.Ng4 Kd5 80.Nf6+ Kd4 81.Ne4 Ke3  0-1

[Event "5th Chennai Open 2013"]
[Site "Chennai IND"]
[Date "2013.01.21"]
[Round "9"]
[White "Matta,V"]
[Black "Prakash,G"]
[Result "1-0"]
[WhiteElo "2182"]
[BlackElo "2266"]

1.e4 c5 2.Nf3 e6 3.d4 cxd4 4.Nxd4 a6 5.Nc3 Qc7 6.g3 Nf6 7.Bg2 Bb4 8.O-O Nc6
9.Bg5 d6 10.Bxf6 gxf6 11.Qf3 Bxc3 12.Qxc3 Ke7 13.Rad1 Bd7 14.Rd2 Rhd8 15.Ne2 Qa5
16.Qxa5 Nxa5 17.b3 Rac8 18.Rfd1 Be8 19.f4 b5 20.c3 Nc6 21.Rd3 a5 22.g4 b4
23.c4 a4 24.Rh3 axb3 25.axb3 Ra8 26.Rxh7 Ra2 27.Bf1 Rda8  1-0

[Event "11th Gibraltar Masters"]
[Site "Caleta ENG"]
[Date "2013.01.22"]
[Round "1.92"]
[White "Othman,Mustapha"]
[Black "Piasetski,L"]
[Result "0-1"]
[WhiteElo "1878"]
[BlackElo "2310"]

1.e4 c5 2.Nf3 e6 3.d4 cxd4 4.Nxd4 a6 5.Nc3 b5 6.Bd3 Qb6 7.Nb3 Qc7 8.O-O Bb7
9.Bg5 h6 10.Bh4 Bd6 11.Kh1 Bxh2 12.f4 Bxf4 13.Na5 g5 14.Nxb7 Ne7 15.e5 Bxe5
16.Qf3 Rf8 17.Rae1 gxh4 18.Rxe5 Qxe5 19.Nd6+ Qxd6 20.Qxa8 Nc6 21.Be4 Ke7
22.Qb7 Rd8 23.Qb6 Qd4 24.Qc7 Qe5 25.Qb6 d5 26.Qc5+ Rd6 27.Qf2 dxe4 28.Qxf7+ Kd8
29.Qh7 Rd7 30.Qxh6 Nd4 31.Qe3 Nf5 32.Qb6+ Ke7 33.Ne2 Ng3+ 34.Nxg3 hxg3 35.Re1 Qh5+
36.Kg1 Qh2+ 37.Kf1 Qh1+ 38.Qg1 Qxg1+  0-1

[Event "5th Chennai Open 2013"]
[Site "Chennai IND"]
[Date "2013.01.22"]
[Round "10"]
[White "Nitin,S"]
[Black "Swathi,G"]
[Result "0-1"]
[WhiteElo "2367"]
[BlackElo "2254"]

1.e4 c5 2.Nf3 e6 3.d4 cxd4 4.Nxd4 a6 5.Nc3 b5 6.Bd3 Qb6 7.Nf3 Qc7 8.O-O Bb7
9.a4 b4 10.Na2 Nf6 11.Qe2 Be7 12.Bd2 Nc6 13.Rfe1 O-O 14.e5 Ne8 15.Bg5 f6
16.Qe4 g6 17.exf6 Bxf6 18.Bxf6 Nxf6 19.Qh4 Nh5 20.Re3 a5 21.Rae1 Rac8 22.Nc1 Nd8
23.Ne5 Rf4 24.Qh3 Nf7 25.Bxg6 hxg6 26.Nxg6 Rxf2 27.Ne7+ Kf8 28.Kxf2 Kxe7
29.Qxh5 Qf4+ 30.Kg1 Rxc2 31.R3e2 Rxc1 32.Qxa5 Qd4+ 33.Kh1 Rxe1+ 34.Rxe1 Qxb2
35.Qc5+ Ke8 36.Rg1 Ne5 37.a5 Bd5 38.Qc8+ Ke7 39.Qh8 b3 40.a6 Bxg2+ 41.Rxg2 Qb1+
42.Rg1 Qe4+ 43.Rg2 b2 44.Qg7+ Kd6 45.Qf8+ Kc7 46.Qc5+ Nc6  0-1

[Event "5th Chennai Open 2013"]
[Site "Chennai IND"]
[Date "2013.01.22"]
[Round "10"]
[White "Sai,V"]
[Black "Gahan,M"]
[Result "0-1"]
[WhiteElo "1987"]
[BlackElo "2224"]

1.e4 c5 2.Nf3 e6 3.d4 cxd4 4.Nxd4 a6 5.Nc3 b5 6.Bd3 Qb6 7.Nb3 Qc7 8.Be3 Nf6
9.O-O Bb7 10.a3 d6 11.f4 Nbd7 12.Qf3 Be7 13.Rae1 d5 14.exd5 Nxd5 15.Nxd5 Bxd5
16.Qh3 Bf6 17.Nd4 Nc5 18.Be2 Rd8 19.c3 O-O 20.f5 e5 21.Nf3 e4 22.Nh4 Na4
23.Bc1 Rfe8 24.g4 Qe7 25.Ng2 Bg5 26.Ne3 Bb3 27.f6 Bxf6 28.g5 Bxg5 29.Nf5 Qc5+
30.Kh1 Bxc1 31.Qg2 g6 32.Rxc1 Kh8 33.Nh6 f5 34.c4 Qf8 35.Qg5 Nc5 36.cxb5 Ne6
37.Qe3 Nd4 38.Bc4 Bxc4 39.Rxc4 Nxb5 40.a4 Rd3 41.Qg5 Nd4 42.Rc7 Ne6  0-1

[Event "Asian Zone 3.3"]
[Site "Tagaytay City PHI"]
[Date "2013.01.22"]
[Round "1.4"]
[White "Farid,F"]
[Black "Dao Thien Hai"]
[Result "1/2-1/2"]
[WhiteElo "2338"]
[BlackElo "2531"]

1.e4 c5 2.Nf3 e6 3.d4 cxd4 4.Nxd4 a6 5.Nc3 Qc7 6.Be2 b5 7.O-O Bb7 8.Bf3 Nc6
9.g3 Ne5 10.Bg2 Bc5 11.Nf3 d6 12.Qe2 Nf6 13.a3 O-O 14.Kh1 Nxf3 15.Bxf3 Bd4
16.Nd1 d5 17.exd5 Nxd5 18.c3 Ba7 19.Ne3 Rad8 20.Nxd5 Bxd5 21.Bf4 Qc6 22.Bxd5 Rxd5
23.Qf3 Rfd8 24.Rae1 f6 25.Kg2 Qd7 26.Qe4 e5 27.Bc1 f5 28.Qc2 h6 29.Re2 Kh8
30.Rfe1 Bb8 31.f3 a5 32.Be3 Bc7 33.c4 bxc4 34.Qxc4 a4 35.Rc1 Ba5 36.Qc6 Bd2
37.Qxd7 R8xd7  1/2-1/2

[Event "5th Chennai Open 2013"]
[Site "Chennai IND"]
[Date "2013.01.23"]
[Round "11"]
[White "Phadke,So1"]
[Black "Prakash,G"]
[Result "0-1"]
[WhiteElo "2169"]
[BlackElo "2266"]

1.e4 c5 2.Nf3 e6 3.d4 cxd4 4.Nxd4 a6 5.Nc3 Qc7 6.Bd3 Bc5 7.Nb3 Be7 8.a4 b6
9.O-O d6 10.f4 Nd7 11.Bd2 Ngf6 12.Qe2 Bb7 13.Rae1 O-O 14.Nd4 Nc5 15.b4 Nxd3
16.cxd3 Rac8 17.Kh1 Rfe8 18.Rc1 Qd7 19.Nf3 d5 20.e5 d4 21.exf6 dxc3 22.Bxc3 Rxc3
23.Rxc3 Bxf6 24.Ne5 Qd6 25.b5 axb5 26.axb5 Ra8 27.Rfc1 h6 28.h3 Qb4 29.Rc4 Qxb5
30.Nxf7 Bd5 31.Nxh6+ gxh6 32.Qg4+ Bg7 33.Rc7 Qb2 34.f5 Qf6 35.fxe6 Re8 36.Rf7 Bxe6
37.Rxf6 Bxg4 38.Rxb6 Bf5 39.Rd6 Re2 40.Rf1 Be6 41.d4 Bc4 42.Rc1 Bd3 43.Rc3 Rd2
44.Rd7 Bf5 45.Rd8+ Kh7 46.Rg3 Bxd4 47.Rf8 Rd1+ 48.Kh2  0-1

[Event "Asian Zone 3.3"]
[Site "Tagaytay City PHI"]
[Date "2013.01.23"]
[Round "2.7"]
[White "Villanueva,N"]
[Black "Laylo,D"]
[Result "0-1"]
[WhiteElo "2268"]
[BlackElo "2491"]

1.e4 c5 2.Nf3 e6 3.d4 cxd4 4.Nxd4 a6 5.Nc3 Qc7 6.Be3 Nf6 7.Qd2 Nc6 8.f3 Be7
9.O-O-O O-O 10.Kb1 b5 11.g4 Ne5 12.g5 Nh5 13.f4 Ng4 14.e5 Bb7 15.Rg1 Nxe3
16.Qxe3 g6 17.Be2 Ng7 18.Ne4 Bxe4 19.Qxe4 d5 20.Qe3 b4 21.Bg4 Bc5 22.h4 Rfc8
23.Rg2 Qb6 24.Rgd2 Rc7 25.Qh3 Rac8 26.Ne2 Be3 27.Rd3 Bf2 28.c3 bxc3 29.Rxc3 Rxc3
30.Nxc3 Rc4 31.Qf3 Be3 32.Ne2 Rb4 33.b3 Rxb3+  0-1

[Event "TCh-HUN 2012-13"]
[Site "Decs HUN"]
[Date "2013.01.27"]
[Round "6"]
[White "Siklosi,Z"]
[Black "Eltigani,O"]
[Result "1/2-1/2"]
[WhiteElo "2329"]
[BlackElo "2295"]

1.e4 c5 2.Nf3 e6 3.Nc3 a6 4.d4 cxd4 5.Nxd4 Qc7 6.g3 Bb4 7.Bd2 Nc6 8.Nxc6 dxc6
9.Bg2 Nf6 10.O-O Be7 11.a4 e5 12.h3 Be6 13.Qe2 O-O 14.Be3 b5 15.Rfd1 Bb4
16.Na2 Bc4 17.Qf3 Be7 18.Nc3 Rfb8 19.b3 Be6 20.Qe2 Bb4 21.Na2 Ba3 22.Bc1 Bc5
23.axb5 axb5 24.Bb2 Nd7 25.Nc1 f6 26.Nd3 Bb6 27.Kh1 Nc5 28.Nb4 Bf7 29.Qd2 Rxa1
30.Bxa1 Ra8 31.f4 Ne6 32.fxe5 fxe5 33.Bc3 Rd8 34.Qe1 Nd4 35.Rd2 h6 36.Qd1 Kh7
37.Kh2 Rd6 38.Nd3 Rg6 39.Ne1 Qe7 40.Rd3 c5 41.Nf3 c4 42.bxc4 bxc4 43.Rd2 Nxf3+
44.Bxf3 Rf6 45.Bg2 Qc5 46.Qe1 Be6 47.Re2 Bc8 48.Qa1 Ba7 49.Qe1 Bb7 50.Bd2 Qa3
51.Be3 Rd6 52.Bxa7 Qxa7 53.Qg1 Qxg1+  1/2-1/2

[Event "6th Gora Sw Anny OpA"]
[Site "Gora Swietej Anny POL"]
[Date "2013.01.28"]
[Round "4.3"]
[White "Mulet,P"]
[Black "Kveinys,A"]
[Result "0-1"]
[WhiteElo "2241"]
[BlackElo "2527"]

1.e4 c5 2.Nf3 e6 3.d4 cxd4 4.Nxd4 a6 5.Nc3 Qc7 6.Bd3 Nf6 7.Qe2 d6 8.f4 Nbd7
9.Be3 b5 10.O-O Bb7 11.a3 Be7 12.Rae1 O-O 13.Kh1 Rfe8 14.Rf3 Bf8 15.Rff1 g6
16.Rd1 Rac8 17.Bg1 e5 18.fxe5 dxe5 19.Nb3 Bg7 20.Be3 Bc6 21.Rf2 Nh5 22.Qd2 Nf4
23.Bxf4 exf4 24.Qxf4 Qxf4 25.Rxf4 Bxc3 26.bxc3 Ne5 27.Nc5 Ra8 28.Kg1 Ra7
29.Kf2 Rc8 30.Ke3 Ba8 31.Kd4 Nd7 32.Nb3 Rac7 33.Rdf1 Rd8 34.Ke3 Ne5 35.Kd2 Rdc8
36.Rf6 Bc6 37.Nd4 Bb7 38.Nf3 Nd7 39.Rd6 Nc5 40.Re1 Re8 41.e5 Rce7 42.Rb6 Bxf3
43.gxf3 Nd7 44.Rxa6 Nxe5 45.Rf1 Nxd3 46.cxd3 Re2+ 47.Kc1 Ra2 48.Kb1 Ree2
49.Rd1 Reb2+ 50.Kc1 Rxh2 51.Kb1 h5 52.Rb6 Rab2+ 53.Ka1 Rb3 54.a4 Ra3+ 55.Kb1 bxa4
56.Rb2 Rb3 57.Rxb3 axb3 58.d4 h4 59.d5 Kf8 60.d6 Ke8 61.Re1+ Kd8 62.f4 h3
63.Re3 Kd7 64.Rd3 Rh1+ 65.Kb2 h2 66.Rh3 Kxd6 67.Rh7 Kd5 68.Rh8 Ke4 69.Rh7 f6  0-1

[Event "ch-TUR 2013"]
[Site "Antalya TUR"]
[Date "2013.02.03"]
[Round "3.41"]
[White "Caner,Resul"]
[Black "Samani,Yamac"]
[Result "1-0"]
[WhiteElo "1918"]
[BlackElo "1772"]

1.e4 c5 2.Nf3 e6 3.d4 cxd4 4.Nxd4 a6 5.Nc3 Qc7 6.Bd3 Nf6 7.O-O d6 8.f4 Nbd7
9.Kh1 b5 10.Qe2 Bb7 11.a3 Be7 12.Bd2 Nc5 13.h3 h5 14.b4 Ncd7 15.Nb3 h4 16.Nd1 Nh5
17.Be1 d5 18.e5 g6 19.Qg4 Ng7 20.a4 bxa4 21.Rxa4 Nb6 22.Ra1 Nd7 23.Na5 Kf8
24.Nxb7 Qxb7 25.c3 Nf5 26.Qe2 Nb8 27.Ne3 Rg8 28.Nc2 Qb6 29.Bf2 Qc7 30.Ra3 a5
31.Rfa1 Nc6 32.b5 Bxa3 33.Rxa3 Nce7 34.Nb4 Kg7 35.Na6 Rxa6 36.bxa6 d4 37.Qe1 Qc5
38.Rb3 a4 39.cxd4 Nxd4 40.Rc3 Qb4 41.Bxh4 Nd5 42.Bf6+ Nxf6 43.exf6+ Kxf6
44.Qe5+ Ke7 45.Rc7+  1-0

[Event "ch-TUR 2013"]
[Site "Antalya TUR"]
[Date "2013.02.05"]
[Round "6.50"]
[White "Kiyagan,Erhan"]
[Black "Karabayir,M"]
[Result "1/2-1/2"]
[WhiteElo "1771"]
[BlackElo "1892"]

1.e4 c5 2.Nf3 e6 3.d4 cxd4 4.Nxd4 a6 5.Nc3 b5 6.Be2 Bb7 7.f3 Bc5 8.Be3 Qb6
9.a4 Ne7 10.axb5 axb5 11.Rxa8 Bxa8 12.Bxb5 e5 13.Na4 Qa5+ 14.Bd2 Qa7 15.Nb3 Bf2+
16.Ke2 Bc6 17.Nc3 O-O 18.Qa1 Bxb5+ 19.Nxb5 Qb7 20.Kxf2 Qxb5 21.Qa5 Qc6 22.Qc5 Qxc5+
23.Nxc5 Rc8 24.Nd3 Rxc2 25.Ke3 d5 26.Rc1 d4+ 27.Ke2 Rxc1 28.Bxc1 f6 29.f4 Nd7
30.b3 Kf7 31.Ba3 Nc6 32.b4 Na7  1/2-1/2

[Event "ch-TUR 2013"]
[Site "Antalya TUR"]
[Date "2013.02.05"]
[Round "6.8"]
[White "Dastan,B"]
[Black "Sevgi,V"]
[Result "1-0"]
[WhiteElo "2390"]
[BlackElo "2022"]

1.e4 c5 2.Nf3 e6 3.d4 cxd4 4.Nxd4 a6 5.Nc3 Qc7 6.Bd3 Nc6 7.Be3 Nf6 8.O-O d6
9.Kh1 b5 10.Nxc6 Qxc6 11.a3 Be7 12.f4 Bb7 13.Qf3 Nd7 14.f5 Bf6 15.fxe6 fxe6
16.Qg4 Ke7 17.Rxf6 gxf6 18.Qg7+ Kd8 19.Qxh8+ Kc7 20.Qxh7 Re8 21.Qf7 Kd8 22.Rf1 Bc8
23.Ne2 Rf8 24.Nd4  1-0

[Event "Asian Zonal 3.2 2013"]
[Site "Thulhiriya City PHI"]
[Date "2013.02.05"]
[Round "5.9"]
[White "Alahakoon,I"]
[Black "Priyankara,C"]
[Result "1-0"]
[WhiteElo "2064"]
[BlackElo "1960"]

1.e4 c5 2.Nc3 a6 3.Nf3 e6 4.d4 cxd4 5.Nxd4 Nc6 6.Be2 Nf6 7.O-O d5 8.Nxc6 bxc6
9.e5 Nd7 10.Bf4 Be7 11.Bd3 Nc5 12.Qg4 g5 13.Bd2 h5 14.Qg3 Nxd3 15.cxd3 a5
16.Na4 Rg8 17.Rac1 g4 18.Qe3 d4 19.Qe4 Qd5 20.Qh7 Rg6 21.Qh8+ Bf8 22.Nb6  1-0

[Event "ch-TUR 2013"]
[Site "Antalya TUR"]
[Date "2013.02.06"]
[Round "7.68"]
[White "Ulusoy,Selcuk"]
[Black "Korkmaz,T"]
[Result "0-1"]
[WhiteElo "1717"]
[BlackElo "1948"]

1.e4 c5 2.Nf3 e6 3.d4 cxd4 4.Nxd4 a6 5.Nc3 Qc7 6.Bd3 Bd6 7.Nf3 Nc6 8.O-O Ne5
9.g3 h5 10.Bf4 f6 11.Nxe5 fxe5 12.Bg5 Nf6 13.Bxf6 gxf6 14.Be2 h4 15.Bh5+ Ke7
16.Qg4 Rf8 17.Qxh4 b5 18.a3 Bb7 19.Qg4 Rg8 20.Qe2 Qc6 21.Bf3 Bc5 22.Kg2 d6
23.Qd2 Rh8 24.Rad1 Rag8 25.b4 Bd4 26.Ne2 Bb6 27.Qd3 f5 28.Nc3 Bd4 29.exf5 Qxf3+
30.Qxf3 Bxf3+ 31.Kxf3 Bxc3 32.f6+ Kd7 33.Rd3 Rc8 34.h4 d5 35.Kg2 e4 36.Re3 Bxf6
37.Re2 Rc3 38.Rd1 Ke7 39.a4 bxa4 40.Ra1 a3 41.Ra2 Rb8 42.Kh3 Rxb4 43.h5 Rb2
44.Ra1 a2  0-1

[Event "Moscow Open A 2013"]
[Site "Moscow RUS"]
[Date "2013.02.06"]
[Round "5.8"]
[White "Panarin,M"]
[Black "Hayrapetyan,Ho"]
[Result "1/2-1/2"]
[WhiteElo "2552"]
[BlackElo "2500"]

1.e4 c5 2.Nf3 e6 3.d4 cxd4 4.Nxd4 a6 5.Nc3 Qc7 6.Be2 Nf6 7.O-O Nc6 8.Be3 Bb4
9.Na4 O-O 10.c4 Bd6 11.g3 Nxe4 12.c5 Be7 13.Rc1 f5 14.Bf3 Nf6 15.Re1 h6 16.h4 Ne8
17.Nb6 Ra7 18.Bf4 Qd8 19.Bxc6 bxc6 20.Nxe6 dxe6 21.Qxd8 Bxd8 22.Nxc8 Rb7
23.Rxe6 Rxb2 24.Rxc6 Rxa2 25.Na7 Bf6 26.Rc8 g5 27.hxg5 hxg5 28.Be3 f4 29.gxf4 gxf4
30.Bxf4 Bd4 31.Bg3 Bxf2+ 32.Bxf2 Rfxf2 33.Rxe8+ Kg7 34.Re7+ Kg6 35.Re6+ Kg7
36.Re7+ Kg6 37.Re6+ Kg7 38.Re3 Rg2+ 39.Kh1 Rh2+ 40.Kg1 Rhg2+ 41.Kf1 Rgf2+
42.Ke1 Rg2 43.Kf1 Rgf2+  1/2-1/2

[Event "ch-TUR 2013"]
[Site "Antalya TUR"]
[Date "2013.02.07"]
[Round "8.23"]
[White "Yaver,Faik Emre"]
[Black "Seyhanoglu,D"]
[Result "0-1"]
[WhiteElo "1901"]
[BlackElo "2049"]

1.e4 c5 2.Nf3 e6 3.d4 cxd4 4.Nxd4 a6 5.Nc3 b5 6.Be2 Bb7 7.Bf3 d6 8.O-O Nd7
9.a4 b4 10.Na2 Ngf6 11.Nxb4 Qb6 12.c3 Nxe4 13.a5 Qc7 14.Re1 Ndf6 15.Bxe4 Nxe4
16.Qg4 Nf6 17.Qh3 Be7 18.Bg5 O-O 19.Nd3 Kh8 20.Nf4 Bc8 21.Qh4 Bd8 22.Nf3 Rb8
23.Nh5 Nxh5 24.Qxh5 Rb5 25.Qh4 Rxg5 26.Nxg5 h6 27.f4 Kg8 28.Qg3 hxg5 29.fxg5 Qc5+
30.Kh1 Qxg5 31.Qxd6 Bb7 32.Re2 Bxa5 33.Qd7 Ba8 34.Qa4 Bc7 35.Qc4 Bb8 36.Kg1 Ba7+
37.Kh1 Qh5 38.Rxa6 Bb8 39.h4 Bd5 40.Ra5 Bxc4  0-1

[Event "ch-TUR 2013"]
[Site "Antalya TUR"]
[Date "2013.02.07"]
[Round "8.25"]
[White "Yelligedik,Murat"]
[Black "Sevgi,V"]
[Result "0-1"]
[WhiteElo "1846"]
[BlackElo "2022"]

1.e4 c5 2.Nf3 e6 3.d4 cxd4 4.Nxd4 a6 5.Nc3 Qc7 6.Bd3 Nf6 7.O-O d6 8.Be3 Nbd7
9.f4 b6 10.Qf3 Bb7 11.Rae1 b5 12.a3 Nc5 13.Ndxb5 axb5 14.Bxb5+ Nfd7 15.b4 Na6
16.Nd5 exd5 17.exd5 O-O-O 18.Bd4 f6 19.Re3 Nac5 20.Rfe1 Kb8 21.bxc5 dxc5
22.Ba1 c4 23.Rb1 Bc5 24.Kh1 Bxe3 25.Qxe3 Qc5 26.Bd4 Qxd5 27.Qg1 Rc8 28.Ba6 Rc7
29.Rb5  0-1

[Event "35th Georgi Tringov Open"]
[Site "Plovdiv BUL"]
[Date "2013.02.07"]
[Round "6.24"]
[White "Stefanov,E"]
[Black "Filev,G"]
[Result "0-1"]
[WhiteElo "1985"]
[BlackElo "2352"]

1.e4 c5 2.Nf3 e6 3.d4 cxd4 4.Nxd4 a6 5.Nc3 Qc7 6.Bd3 Nf6 7.O-O Bc5 8.Nb3 Be7
9.f4 d6 10.e5 dxe5 11.fxe5 Nfd7 12.Kh1 Nxe5 13.Bf4 Nbc6 14.Qh5 g6 15.Qh3 Bd7
16.Qg3 f6 17.Be4 O-O-O 18.Rae1 Bd6 19.Bxc6 Bxc6 20.Ne4 Bxe4 21.Rxe4 g5 22.Bxe5 Bxe5
23.Qf2 Kb8 24.Nc5 Rc8 25.b4 Qc6 26.Qe3 Rhd8 27.a4 Ka8 28.Nd3 Qxc2 29.Nxe5 fxe5
30.Rxe5 Rd1 31.Qg1 Rxf1 32.Qxf1 Qxa4 33.b5 Qc4 34.Qg1 Qc1 35.Re1 Qc5 36.bxa6 Qxg1+
37.Kxg1 b5 38.Rxe6 b4 39.Re2 b3 40.h4 Rc2 41.Re8+ Ka7 42.Re4 b2 43.Rb4 Rc1+
44.Kh2 b1=Q  0-1

[Event "116th YMCA Winter"]
[Site "Warsaw POL"]
[Date "2013.02.07"]
[Round "5"]
[White "Kielar,M"]
[Black "Kaczorowski,P"]
[Result "1-0"]
[WhiteElo "2106"]
[BlackElo "2088"]

1.e4 c5 2.Nf3 e6 3.d4 cxd4 4.Nxd4 a6 5.Nc3 Qc7 6.Bd3 Nc6 7.Nxc6 dxc6 8.O-O Nf6
9.Be3 Be7 10.f4 O-O 11.Qf3 c5 12.e5 Ne8 13.Qh5 g6 14.Qh6 f5 15.exf6 Bxf6
16.Rad1 Nd6 17.Qh3 Bd7 18.Kh1 Rae8 19.Qg3 Bxc3 20.bxc3 Nf5 21.Bxf5 Rxf5 22.c4 Bc6
23.Bc1 Ref8 24.Rfe1 Qf7 25.Qc3 Qf6 26.Qe3 Re8 27.Rd6 g5 28.Rxe6 Rxe6 29.Qxe6+ Qxe6
30.Rxe6 gxf4 31.Kg1 Kf7 32.Re2 f3 33.Rf2 fxg2  1-0

[Event "35th Georgi Tringov Open"]
[Site "Plovdiv BUL"]
[Date "2013.02.08"]
[Round "7.1"]
[White "Fier,A"]
[Black "Jianu,V"]
[Result "1-0"]
[WhiteElo "2577"]
[BlackElo "2500"]

1.e4 c5 2.Nf3 e6 3.d4 cxd4 4.Nxd4 a6 5.Nc3 Qc7 6.g3 b5 7.Bg2 Bb7 8.O-O d6
9.Re1 Nd7 10.a4 bxa4 11.Rxa4 Ngf6 12.Qe2 Nb6 13.Rb4 Be7 14.Be3 Nfd7 15.Nf5 exf5
16.exf5 Bxg2 17.Bxb6 Nxb6 18.Kxg2 Qc6+ 19.f3 O-O 20.Qxe7 Rae8 21.Qg5 f6 22.Qc1 Nc4
23.Re4 Rxe4 24.fxe4 Re8 25.b3 Rxe4 26.Kh3 Re3 27.Rxc4 Qf3 28.Qd2 Qxf5+ 29.Kg2 Qf3+
30.Kg1 Re5 31.Rf4 Qc6 32.Rd4 h5 33.Rxd6 Qc5+ 34.Qd4 Qa3 35.Rd8+ Kh7 36.Qd3+ g6
37.Rd7+  1-0

[Event "TCh-LTU 2013"]
[Site "Taujenai LTU"]
[Date "2013.02.09"]
[Round "4.2"]
[White "Bucinskas,V"]
[Black "Kveinys,A"]
[Result "0-1"]
[WhiteElo "2373"]
[BlackElo "2527"]

1.e4 c5 2.Nf3 e6 3.d4 cxd4 4.Nxd4 a6 5.Nc3 Qc7 6.g3 d6 7.Bg2 Bd7 8.O-O Nc6
9.Nb3 Rb8 10.a4 b5 11.axb5 axb5 12.Re1 Be7 13.f4 b4 14.Ne2 Nf6 15.Ned4 O-O
16.Be3 Rfc8 17.Rc1 Bf8 18.Kh1 Be8 19.Qd3 Nxd4 20.Bxd4 e5 21.Bg1 Bc6 22.Nd2 Qb7
23.c4 bxc3 24.bxc3 Re8 25.fxe5 dxe5 26.Qe3 Nd7 27.Rb1 Qc7 28.Qa7 Qxa7 29.Bxa7 Ra8
30.Be3 Bc5 31.Bxc5 Nxc5 32.Nc4 f6 33.Nb6 Ra2 34.Nd5 Kf7 35.Rb6 Bxd5 36.exd5 e4
37.Bh3 Re5 38.Be6+ Kg6 39.Re3 Nxe6 40.Rxe6 Rxe6 41.dxe6 Kf5 42.e7 Ra8 43.Re1 Re8  0-1

[Event "ch-CUB Men Final 2013"]
[Site "Santa Clara CUB"]
[Date "2013.02.14"]
[Round "8.3"]
[White "Hevia,A"]
[Black "Otero Acosta,D"]
[Result "1/2-1/2"]
[WhiteElo "2524"]
[BlackElo "2461"]

1.e4 c5 2.Nf3 e6 3.d4 cxd4 4.Nxd4 a6 5.Nc3 Qc7 6.Bd3 Nf6 7.O-O Nc6 8.Nb3 b5
9.a3 Bb7 10.Bd2 Be7 11.f4 d6 12.Qf3 O-O 13.Kh1 b4 14.axb4 Nxb4 15.Na5 Rac8
16.Nxb7 Qxb7 17.Qe2 Nxd3 18.cxd3 Rb8  1/2-1/2

[Event "TCh-CZE Extraliga 2012-13"]
[Site "Czech Republic CZE"]
[Date "2013.02.16"]
[Round "5.2"]
[White "Petr,Ma"]
[Black "Fedorov,Alex"]
[Result "1-0"]
[WhiteElo "2521"]
[BlackElo "2590"]

1.e4 c5 2.Nf3 e6 3.d4 cxd4 4.Nxd4 a6 5.Nc3 b5 6.Bd3 Bb7 7.O-O Bc5 8.Nb3 Be7
9.e5 f5 10.Re1 Qc7 11.a4 b4 12.Nb1 Nc6 13.Qh5+ g6 14.Qe2 Na5 15.N1d2 Nxb3
16.Nxb3 h5 17.Bd2 Nh6 18.c3 bxc3 19.Bxc3 O-O 20.Na5 Nf7 21.Nxb7 Qxb7 22.Bc4 Bb4
23.Bxb4 Qxb4 24.b3 Rfc8 25.Rad1 Ra7 26.f4 Rcc7 27.Kf1 Nd8 28.Qf3 Kf7 29.Rd6 Nb7
30.Rd4 Qe7 31.b4 Nd8 32.b5 axb5 33.Bxb5 Nc6 34.Rd6 Na5 35.Qf2 Nb3 36.Kg1 Nc5
37.Qd4 Qd8 38.Rc1 Qc8 39.h3 Ke7 40.Qb4 Kf7 41.Qd4 Ke7 42.Kh2 Rab7 43.Qf2 Ne4
44.Qh4+ Kf7 45.Bxd7 Rxc1 46.Bxc8 Rxc8 47.Rd4 Kg7 48.Rxe4 fxe4 49.Qf6+ Kh7
50.Qxe6 Rf8 51.Qc6 Rbf7 52.Qxe4 Rxf4 53.Qc6 R4f7 54.a5 Ra7 55.a6 Rff7 56.e6 Rfe7
57.g4 h4 58.g5 Rec7 59.Qa4 Kg8 60.Kg2 Rc5 61.Qe8+ Kg7 62.Qd8 Rcc7 63.Qd4+ Kg8
64.Qd3 Kh7 65.Kf3 Rc6 66.Qd7+  1-0

[Event "ch-CHI Final 2013"]
[Site "Iquique CHI"]
[Date "2013.02.16"]
[Round "4.5"]
[White "Lopez Silva,H"]
[Black "Garcia Cardenas,P"]
[Result "1/2-1/2"]
[WhiteElo "2403"]
[BlackElo "2434"]

1.e4 c5 2.Nf3 e6 3.d4 cxd4 4.Nxd4 a6 5.Nc3 b5 6.Be3 Bb7 7.f3 Nc6 8.Qd2 b4
9.Na4 Qa5 10.Nxc6 Qxa4 11.Ne5 d5 12.exd5 Bxd5 13.Bb6 Bd6 14.Nc4 Be7 15.Ne5 Bh4+
16.Bf2 Bf6 17.f4 Ne7 18.Bc5 Bh4+ 19.Bf2 Bxf2+ 20.Qxf2 Be4 21.b3 Qa5 22.Nc4 Qc7
23.Qd4 Bxc2 24.Qxg7 Rg8 25.Qe5 Qxe5+ 26.fxe5 Nf5 27.Rc1 Be4 28.Rg1 Ke7 29.Kf2 Rac8
30.g4 Nh4 31.Be2 Rc5 32.Rgd1 Rgc8 33.Rd6 Bc6 34.Nb6 Rxc1 35.Nxc8+ Kf8 36.Bd3 Bb5
37.Rd8+ Kg7 38.Bxb5 axb5 39.Nd6 Ng6 40.Rb8 Rc2+ 41.Ke3 Nxe5 42.Rxb5 Nxg4+
43.Kd3 Rg2 44.Rxb4 Ne5+ 45.Kc3 Rxa2 46.Re4 Ng6 47.h4 Ne7 48.Rg4+ Kf6 49.Ne8+ Kf5
50.Rg7 Nd5+ 51.Kc4 Rc2+ 52.Kd4 f6 53.Rb7 Rd2+ 54.Kc5 Re2 55.Kd4 Rd2+ 56.Kc5 Rb2
57.Kc4 Rc2+ 58.Kd4 Rd2+ 59.Kc5 Rc2+ 60.Kd4  1/2-1/2

[Event "TCh-NED Meesterklasse 2012-13"]
[Site "Netherland NED"]
[Date "2013.02.16"]
[Round "6.6"]
[White "Nabuurs,M"]
[Black "Van de Griendt,JW"]
[Result "1/2-1/2"]
[WhiteElo "2248"]
[BlackElo "2323"]

1.e4 e6 2.Nf3 c5 3.Nc3 a6 4.d4 cxd4 5.Nxd4 Nc6 6.Be3 Nge7 7.Be2 Nxd4 8.Qxd4 Nc6
9.Qd2 d6 10.O-O Be7 11.f4 O-O 12.Kh1 b5 13.a4 b4 14.Na2 Rb8 15.c3 bxc3 16.Nxc3 Na5
17.Rab1 Nb3 18.Qc2 Qa5 19.Bc4 Qb4 20.Qe2 Bd7 21.Bxa6 Bxa4 22.Qc4 Qxc4 23.Bxc4 Bd7
24.Rfd1 Rb4 25.Bxb3 Rxb3 26.Bc5 Rc8 27.Bxd6 Bxd6 28.Rxd6 Rcxc3 29.Rxd7 g6
30.Rd2 Re3 31.e5 g5 32.fxg5 Rxe5 33.Rf1 Rxg5 34.Rd8+ Kg7 35.Rd7 Rxb2 36.Rdxf7+ Kg8
37.Rf8+ Kg7 38.R8f7+ Kg8 39.Rf8+  1/2-1/2

[Event "ch-ROU 2013"]
[Site "Baile Olanesti ROU"]
[Date "2013.02.17"]
[Round "2.9"]
[White "Milu,R"]
[Black "Martian,D"]
[Result "1/2-1/2"]
[WhiteElo "2392"]
[BlackElo "2145"]

1.e4 c5 2.Nf3 e6 3.d4 cxd4 4.Nxd4 a6 5.Nc3 Qc7 6.Bd3 Nc6 7.Nxc6 dxc6 8.O-O Nf6
9.f4 e5 10.Kh1 Bd6 11.f5 b5 12.a4 Bb7 13.Qe2 O-O 14.g4 Nd7 15.g5 f6 16.g6 h6
17.Qh5 Nc5 18.Rg1 Rfd8 19.Bxh6 Kf8 20.Be3 Ke7 21.Qh7 Rg8 22.Rad1 Nd7 23.Rg2 Bc5
24.Bh6 Kf8 25.Bxg7+ Rxg7 26.Qh8+ Rg8 27.Qh7 Rg7 28.Qh8+ Rg8 29.Qh7 Rg7 30.Nb1  1/2-1/2

[Event "ch-ROU 2013"]
[Site "Baile Olanesti ROU"]
[Date "2013.02.17"]
[Round "2.21"]
[White "Daianu,C"]
[Black "Lupascu,M"]
[Result "1-0"]
[WhiteElo "2283"]
[BlackElo "2004"]

1.e4 c5 2.Nf3 e6 3.d4 cxd4 4.Nxd4 a6 5.Nc3 Qc7 6.Bd3 Nf6 7.O-O b5 8.a3 Nc6
9.Be3 Bb7 10.Qe2 h5 11.h3 h4 12.Nf3 Ne5 13.Nxe5 Qxe5 14.f4 Qc7 15.Qf2 Rc8
16.e5 Nd5 17.Nxd5 Bxd5 18.a4 Bc5 19.Rfe1 g6 20.axb5 axb5 21.Rad1 Bxe3 22.Rxe3 Qb7
23.Kh2 Ra8 24.Qe2 Ra2 25.b3 b4 26.Qg4 Qb6 27.Re2 Rh6 28.Qg5 Rh5 29.Qf6 Qd8
30.Qxd8+ Kxd8 31.c4 Ra3 32.cxd5 Rxb3 33.dxe6 fxe6  1-0

[Event "ch-ROU 2013"]
[Site "Baile Olanesti ROU"]
[Date "2013.02.17"]
[Round "2.45"]
[White "Murg,G"]
[Black "Neagu,Mihai-Cosmin"]
[Result "0-1"]
[WhiteElo "1726"]
[BlackElo "1962"]

1.e4 c5 2.Nf3 e6 3.d4 cxd4 4.Nxd4 a6 5.Nc3 Qc7 6.Bd3 Nf6 7.O-O Be7 8.Be3 d6
9.f4 Nbd7 10.Qf3 b5 11.Nce2 Bb7 12.Ng3 Nc5 13.Rac1 h5 14.Nb3 h4 15.Ne2 Ncxe4
16.Qh3 Nc5 17.Bf2 Nfe4 18.Bd4 Nf6 19.Bc3 e5 20.fxe5 dxe5 21.Bf5 Rh5 22.Na5 Bd5
23.Rcd1 b4 24.Bxb4 Qb6 25.Be1 Nd3+ 26.Kh1 Nxe1 27.Rfxe1 Qxa5 28.Nc3 Bc6 29.Qe3 Rxf5  0-1

[Event "TCh-HUN 2012-13"]
[Site "Paks HUN"]
[Date "2013.02.17"]
[Round "7"]
[White "Videki,S"]
[Black "Eltigani,O"]
[Result "1-0"]
[WhiteElo "2429"]
[BlackElo "2295"]

1.e4 c5 2.Nf3 e6 3.d4 cxd4 4.Nxd4 a6 5.Nc3 Qc7 6.Bd3 Nc6 7.Nxc6 dxc6 8.O-O Nf6
9.f4 e5 10.Kh1 Bc5 11.Qf3 Bg4 12.Qg3 h5 13.fxe5 h4 14.Qf4 Nh5 15.Qxg4 Ng3+
16.hxg3 hxg3+ 17.Qh3 Rxh3+ 18.gxh3 O-O-O 19.Bf4 Qd7 20.Kg2 Rh8 21.Rh1 Qe6
22.Be2 Kb8 23.Rad1 Ka8 24.Rd3 f6 25.Bg4 Qc4 26.Rhd1 fxe5 27.Bxe5 Ka7 28.Bxg3 Rf8
29.b3 Qb4 30.Bf3 g5 31.Na4 g4 32.hxg4  1-0

[Event "ch-ROU 2013"]
[Site "Baile Olanesti ROU"]
[Date "2013.02.18"]
[Round "4.21"]
[White "Daianu,C"]
[Black "Martian,D"]
[Result "0-1"]
[WhiteElo "2283"]
[BlackElo "2145"]

1.e4 c5 2.Nf3 e6 3.d4 cxd4 4.Nxd4 a6 5.Nc3 Qc7 6.Bd3 Nc6 7.Be3 Nf6 8.O-O Bd6
9.h3 b5 10.a3 Bb7 11.Qe2 O-O 12.Nb3 Be7 13.f4 d6 14.Qf2 Nd7 15.Ne2 Rfe8 16.Rad1 Rac8
17.c3 Bf8 18.Bb1 g6 19.f5 Nce5 20.Nbd4 Nc5 21.Ng3 d5 22.fxe6 fxe6 23.exd5 Bxd5
24.Nge2 Bd6 25.Nf4 Bc4 26.Rfe1 Nf7 27.Nde2 Rf8 28.Qh4 Ne5 29.b4 Na4 30.Bd4 Nf3+
31.gxf3 Bxf4 32.Bxg6 hxg6 33.Qh8+ Kf7 34.Qh4 Bd6 35.f4 Qe7 36.Qg4 Bd5 37.Ng3 Ke8
38.Be5 Bxe5 39.Rxe5 Nxc3 40.Rde1 Qa7+ 41.Kf1 Qf7 42.f5 Rc4 43.Qg5 Kd7 44.Kg1 gxf5
45.Qe3 f4  0-1